Where are these celebrities from? #3 - Statistics

General Stats
  • This quiz has been taken 358 times
    329 since last reset
  • The average score is 8 of 15
Answer Stats
Celebrity Country % Correct
Bob Marley Jamaica
94%
Hugh Jackman Australia
80%
Yoko Ono Japan
77%
Sinéad O'Connor Ireland
72%
Stellan Skarsgård Sweden
71%
Ed Sheeran United Kingdom
68%
Bruce Lee United States of America
66%
Michael J. Fox Canada
63%
Mila Kunis Ukraine
44%
Keith Urban New Zealand
37%
Audrey Hepburn Belgium
28%
Roman Polanski France
24%
Bruce Willis Germany
20%
Amy Adams Italy
12%
Isla Fisher Oman
9%
No matching quizzes found
Score Distribution
Percent of People with Each Score
Percentile by Number Answered
Your Score History
You have not taken this quiz since the last reset